000
00293nam a2200121Ia 4500
008
240624s9999 xx 000 0 und d
041
_a
eng
082
_a
658.84 TAS
100
_a
TASSABEHJI RANA
245
_a
APPLYING ECOMMERCE IN BUSINESS
260
_c
2003
_a
London
_b
Sage
300
_a
ix, : 325
999
_c
1138
_d
1138